00646nam a2200193 i 4500001000700000003000900007005001700016007000300033008004100036020001800077080002000095100003000115245012100145260005600266300003800322490002800360830002800388852003600416175498ES-MaACL20230906215834.0t|101102s1983 sp f r ||||1| spa d a84-300-8919-5 a821.134.2-2"19"1 aCampos García, Jesús.10a7.000 gallinas y un camello b: premio Lope de Vega del Exmo. Ayuntamiento de Madrid / cde Jesús Campos García. a[S. l. ] : bJesús Campos García, cD. L. 1983. a111, [12] p. de lám. ; c18 cm.1 aLa avispa. Teatro ; v20 aLa avispa. Teatro ; v2 aES-MaACLj2264-F-3 xOlim P-269